000 00475nam a2200181Ia 4500
001 45128
008 140428s9999 xx 000 0 und d
020 _a9694944538
040 _cPK-LaUMT
082 _a 613
_bARO-F
100 _aArora, Anjali
245 _a5 steps to health nutrition
_bis your diet healthy?
_cArora, Anjali
260 _aKarachi,Pakistan:
_bParamount Publishing Enterprise,
_c2007
300 _a64 p.
546 _aEN
650 _aHealth
942 _cBK
999 _c43099
_d43099